| 000 | 00698nam a22002057a 4500 | ||
|---|---|---|---|
| 999 |
_c19769 _d19769 |
||
| 003 | AR-CdUCM | ||
| 008 | 190411b ||||| |||| 00| 0 spa d | ||
| 040 |
_aMUNICIPALIDAD PROVINCIAL DEL CUSCO _cBIBLIOTECA MUNICIPAL DEL CUSCO |
||
| 082 |
_a498.563 / _bH23 |
||
| 100 |
_aHancco Mamani, Nereo Aquiles _941338 |
||
| 245 |
_aSimi pirwa: _bDiccionario quechua castellano - castellano quechua Variedad dialectal Cusco - Collao / |
||
| 260 |
_aCusco : _bBartolomé de las casas, _c2005. |
||
| 300 |
_a218 páginas ; _c25 cm. |
||
| 505 | _aContenido: Diccionario | ||
| 650 |
_aLengua quechua _97426 |
||
| 650 |
_aDiccionarios _95105 |
||
| 650 |
_aEspañol _97869 |
||
| 942 |
_2ddc _cLIBROS |
||
| 945 | _arcc | ||